000 00433nam a2200193Ia 4500
008 160819s9999 xx 000 0 und d
020 _a0-600-61140-X
050 _aCUL TX 825
050 _b.F68 2004
245 _aFondue /
260 _aGreat Britain :
260 _bHamlyn,
260 _c2004
300 _a300 pages :
300 _bcolor illustrations ;
300 _c20 cm.
650 _aFondue.
650 _xCookery.
999 _c300727
_d300727